|
|
|
|
| LEADER |
00000nas a22000001a 4500 |
| 001 |
vtls010300993 |
| 003 |
SK-MaSNL |
| 005 |
20260228162914.0 |
| 008 |
110810d19501953xo mr p r 0 b0hun |
| 015 |
|
|
|a SNBDS17XX9999
|
| 015 |
|
|
|a 0010
|2 Balúnová 1945-60
|
| 038 |
|
|
|a SNKBUDS
|
| 040 |
|
|
|a SNK
|b slo
|c SNK
|e AACR2
|
| 041 |
0 |
|
|a hun
|a slo
|
| 044 |
|
|
|a xo
|c SK
|
| 080 |
|
|
|a 316.7
|2 2001
|
| 245 |
0 |
0 |
|a Alkotó Ifjúság
|
| 260 |
|
|
|a Bratislava
|b SÚV ČSM (kultúrprop. osztálya)
|b SÚV ČSM Smena
|c 1950-1953
|
| 300 |
|
|
|a 4 roč.
|c 15 x 21 cm
|
| 310 |
|
|
|a 1x mesačne
|b 4/II 1951-1953
|
| 321 |
|
|
|a 4x ročne
|b 1950-3/II 1951
|
| 362 |
0 |
|
|a Roč. I, č. 1 (1950)-roč. IV, č. 6 (1953)
|
| 500 |
|
|
|a V tiráži: Trojmesačník, od 4/II (1951) Mesačník pre kultúrnu prácu funkcionárov maďarských skupín ČSM; Negyedéveként od 4/II (1951) Havonként megjelenő kultúranyagot tartalmazó folyóirat a ČSM magyar csoportjainak tagjai és funkcionáriusai számára, od 5/II (1951) Kultúrne-výchovný mesačník pre mládež Kulturális-és nevelő ifjúsági havilap, od 4/IV (apr. 1953) bez slov. podnázvu v tiráži
|
| 500 |
|
|
|a Vych. v Bratislave štvrťročne, od 4/II mesačne
|
| 500 |
|
|
|a Red. v 1/I (1950) sa neuvádza, hlav. red. Emil Hrubiak, od 4/II (1951) Szűcs Vojtech, od 5/II (1951) ako red., od 10/III (okt. 1952) ako hlav. red. Zodp. zást. čas. Jozef Száraz, od 5/II (1951) sa neuvádza
|
| 500 |
|
|
|a Vyd. SÚV ČSM (kultúrprop. osztálya) vo Vyd. SÚV ČSM Smena v Bratislave
|
| 500 |
|
|
|a Tlač. Pravda, n. p., záv. v Košiciach, od 5/II (1951) Západoslovenské tlačiarne, n. p., záv. v Komárne, od 1/IV (jan. 1953) Nitrianske tlačiarne, n. p., Nitra, prev. č. 6 v Komárne
|
| 500 |
|
|
|a Prvé č. vyšlo koncom r. 1950, bez bližšieho dátumu. Pov. PIO 467/52-II/ 3, 24891/50; čas. zrušený 15. júna 1953
|
| 505 |
8 |
0 |
|g Roč. II. 1951 9 č. po 96 s.
|
| 505 |
8 |
0 |
|g Roč. III. 1952 12 č. po 64-96 s.
|
| 505 |
8 |
0 |
|g Roč. IV. 1953 6 č. po 64 s.
|
| 505 |
8 |
0 |
|g Roč. I. 1950 1 č. 96 s.
|
| 610 |
2 |
7 |
|a Vydavateľstvo Smena
|2 SNKKA
|9 57552
|
| 650 |
0 |
7 |
|a kultúra
|2 SNKPH
|9 886
|
| 655 |
|
7 |
|a kultúrne časopisy
|2 SNKBUDS
|9 268436
|
| 700 |
1 |
|
|a Hrubiak, Emil
|4 pbd
|9 272460
|
| 700 |
1 |
|
|a Szűcs, Vojtech
|4 pbd
|4 red
|9 272461
|
| 700 |
1 |
|
|a Száraz, Jozef
|4 pbd
|9 272462
|
| 710 |
2 |
|
|a Československý zväz mládeže.
|b Slovenský ústredný výbor
|9 171462
|
| 710 |
2 |
|
|a Vydavateľstvo Smena
|9 57552
|
| 710 |
2 |
|
|a Tlačiarenské závody Pravda (Bratislava, Slovensko).
|b Závod Košice
|9 268771
|
| 710 |
2 |
|
|a Západoslovenské tlačiarne, n.p. (Bratislava, Slovensko)
|b závod Komárno
|e tlač.
|9 272463
|
| 710 |
2 |
|
|a Nitrianske tlačiarne, n.p. (Nitra, Slovensko)
|b prevádzka Komárno
|e tlač.
|9 272464
|
| 852 |
|
|
|a SNK
|b 10000
|h ČSD 130
|
| 852 |
|
|
|a UKB
|b 300000
|h 26 D 714
|
| 852 |
|
|
|a UKB
|b 300000
|h SD 3652
|
| 852 |
|
|
|a SVKKK
|b 900000
|h A 11
|
| 999 |
|
|
|c 8533
|d 10463
|